| 000 | 00512nam a2200157Ia 4500 | ||
|---|---|---|---|
| 008 | 210716s2001 xx 000 0 und d | ||
| 020 | _a9812402357 | ||
| 041 | _aeng | ||
| 082 | _a658.8 ZIKW | ||
| 100 | _aZikmund, William G;D'Amico, Michael D. | ||
| 245 |
_aPower of marketing: creating and keeping customers in an e-commerce world. _bCreating and keeping customers in an e-commerce world. |
||
| 250 | _a7 | ||
| 260 |
_aSingapore _bThomson south western _c2001 |
||
| 300 | _axxxiii,689 | ||
| 650 | _aMarketing | ||
| 999 |
_c199390 _d199390 |
||